| 000 | 00583nam a2200217 i 4500 | ||
|---|---|---|---|
| 001 | 00000000036892 | ||
| 003 | OSt | ||
| 005 | 20150203213002.0 | ||
| 008 | 020226s1980 esp j 0001 spa d | ||
| 020 | _a84-239-0235-0 | ||
| 040 | _cBMC | ||
| 082 | _a823 | ||
| 100 | 1 |
_9169 _aSwift, Jonathan _d1667-1745 |
|
| 245 | 1 | 4 |
_aLos viajes de Gulliver _cJ. Swift ; [traducido del inglés por Javier Bueno] |
| 250 | _a7ª ed | ||
| 260 |
_aMadird _bEspasa-Calpe _c1977 |
||
| 300 |
_a238 p. _c18 cm |
||
| 490 |
_aAustral _v235 |
||
| 700 |
_9171 _aBueno, Javier _d1891-1939 |
||
| 942 |
_2ddc _cBK |
||
| 999 |
_c175 _d175 |
||